00480nam a22001817a 4500003001000000005001700010008004100027020001500068040000900083082001500092100001900107245004700126250001200173260005500185300002800240500002000268650001000288NUST-PNEC20170116181130.0140402b xxu||||| |||| 00| 0 eng d a9814126721 cPNEC a629.83 KUO aKuo C Benjamin aAutomatic Control SystemscBenjamin C. Kuo a8th ed. aEnglewood cliffs, N.J. USAbPrentice Hallcc.2003 axxii, 897p.bill:c22cm aIncludes index. xBSMIS